[Event "Staatsliga-B-Mitte 2002/2003"]
[Site "?"]
[Date "2003.03.22"]
[Round "10.1"]
[White "WEISS, Christian"]
[Black "DEUTSCHMANN, Robert Peter"]
[Result "1-0"]
[WhiteElo "2422"]
[BlackElo "2014"]
[PlyCount "77"]
[EventDate "2003.03.22"]

1. c4 e5 2. Nc3 Nf6 3. g3 d5 4. cxd5 Nxd5 5. Bg2 Nb6 6. Nf3 Nc6 7. O-O Be7 8.
d3 O-O 9. a3 Re8 10. Be3 Bf8 11. Rc1 Nd4 12. Ne4 c6 13. Nxd4 exd4 14. Bg5 Qd7
15. Re1 Qf5 16. Bf4 Qh5 17. Bc7 Bg4 18. f3 Be6 19. g4 Qg6 20. Bg3 Rad8 21. Qd2
Nd5 22. Bf2 h5 23. gxh5 Qxh5 24. Bxd4 Nf4 25. Qxf4 Rxd4 26. Nf6+ gxf6 27. Qxd4
Bh6 28. f4 Kh7 29. Kh1 Qh4 30. e3 Qf2 31. Rg1 Bg4 32. Qxf6 Rxe3 33. Rcf1 Qd2
34. Qxf7+ Bg7 35. Be4+ Rxe4 36. Rxg4 Qxb2 37. Rxg7+ Qxg7 38. Qxg7+ Kxg7 39.
dxe4 1-0

[Event "Staatsliga-B-Mitte 2002/2003"]
[Site "?"]
[Date "2003.03.22"]
[Round "10.1"]
[White "HRASTNIK, Horst"]
[Black "KNOLL, Hermann"]
[Result "1/2-1/2"]
[WhiteElo "2082"]
[BlackElo "2365"]
[PlyCount "73"]
[EventDate "2003.03.22"]

1. e4 e5 2. Nf3 Nc6 3. Nc3 Nf6 4. Be2 d5 5. exd5 Nxd5 6. Nxd5 Qxd5 7. d3 Be7 8.
O-O O-O 9. Re1 Kh8 10. Bd2 f6 11. Bc3 Be6 12. Nd2 Qd7 13. Bf3 Rad8 14. Nb3 Rfe8
15. Qe2 Bf8 16. Rad1 Bf7 17. Qe3 b6 18. Qc1 Bd5 19. Bxd5 Qxd5 20. Qe3 Qd7 21.
a3 a5 22. Qf3 a4 23. Nd2 Ne7 24. Ne4 Nd5 25. Bd2 c5 26. h3 Rc8 27. c4 Nc7 28.
Nc3 Rb8 29. Be3 Red8 30. Qe2 Qc6 31. Qc2 Ra8 32. f3 Bd6 33. Qf2 b5 34. Qh4 b4
35. Ne4 Bf8 36. Qf2 Ne6 37. f4 1/2-1/2

[Event "Staatsliga-B-Mitte 2002/2003"]
[Site "?"]
[Date "2003.03.22"]
[Round "10.1"]
[White "HELLMAYR, Alois"]
[Black "KRATSCHMER, Heinz"]
[Result "1/2-1/2"]
[WhiteElo "2248"]
[BlackElo "2096"]
[PlyCount "74"]
[EventDate "2003.03.22"]

1. Nf3 Nf6 2. b3 d5 3. Bb2 e6 4. c4 Bd6 5. g3 O-O 6. Bg2 c6 7. O-O Nbd7 8. d4
Ne4 9. Nbd2 f5 10. Nxe4 fxe4 11. Ne5 Qg5 12. Nxd7 Bxd7 13. f4 Qh6 14. e3 Rf7
15. a4 g5 16. Ba3 Bxa3 17. Rxa3 gxf4 18. Rxf4 Rxf4 19. exf4 Be8 20. Qd2 Bh5 21.
Ra1 Bg4 22. a5 Rd8 23. c5 a6 24. Re1 Rf8 25. Qe3 Bh3 26. Qe2 Bxg2 27. Kxg2 Qg7
28. Qe3 h5 29. Rg1 Rf6 30. Rf1 Rf5 31. h3 Kf8 32. Rf2 Kg8 33. Kf1 Kf8 34. Kg1
Ke7 35. Kh2 Rf8 36. Rg2 Qf6 37. Rf2 Qg7 1/2-1/2

[Event "Staatsliga-B-Mitte 2002/2003"]
[Site "?"]
[Date "2003.03.22"]
[Round "10.2"]
[White "PAVASOVIC, Dusko"]
[Black "ZAJA, Ivan"]
[Result "1-0"]
[WhiteElo "2581"]
[BlackElo "2433"]
[PlyCount "63"]
[EventDate "2003.03.22"]

1. e4 e5 2. Nf3 Nc6 3. d4 exd4 4. Nxd4 Bc5 5. Be3 Qf6 6. c3 Nge7 7. Bc4 Ne5 8.
Be2 Qg6 9. O-O O-O 10. Nd2 d5 11. Bh5 Qf6 12. f4 N5c6 13. e5 Qh6 14. N2b3 Bb6
15. Qf3 g6 16. Nxc6 bxc6 17. Bxb6 axb6 18. Bg4 Ra4 19. Bxc8 Rxc8 20. Nd4 c5 21.
Nc2 Qh5 22. g4 Qh4 23. Ne3 h5 24. h3 hxg4 25. hxg4 d4 26. b3 Ra5 27. Rf2 Qh8
28. Nc4 Ra7 29. f5 gxf5 30. gxf5 Kf8 31. Rh2 Qg7+ 32. Kh1 1-0

[Event "Staatsliga-B-Mitte 2002/2003"]
[Site "?"]
[Date "2003.03.22"]
[Round "10.2"]
[White "BUKAL, Vladimir Jun"]
[Black "BUHMANN, Rainer"]
[Result "0-1"]
[WhiteElo "2409"]
[BlackElo "2527"]
[PlyCount "110"]
[EventDate "2003.03.22"]

1. d4 e6 2. Nf3 Nf6 3. c4 d5 4. Nc3 Nbd7 5. cxd5 exd5 6. Bg5 Bb4 7. Qc2 O-O 8.
a3 Bxc3+ 9. Qxc3 c6 10. Qc2 Qe8 11. e3 Ne4 12. Bd3 Nb6 13. Bf4 Bf5 14. Nh4 Bd7
15. O-O Qe7 16. Nf3 Bf5 17. h3 Nd7 18. b4 Bg6 19. Rfc1 Nd6 20. Bxg6 hxg6 21.
Bxd6 Qxd6 22. Rab1 Rac8 23. Qa4 a6 24. Qa5 Rfe8 25. a4 Ra8 26. b5 axb5 27. Qc3
Rxa4 28. Ra1 Rea8 29. Rcb1 Ra3 30. Qb2 Nb6 31. Rxa3 Qxa3 32. Qe2 Qa2 33. Qe1
Nc4 34. e4 dxe4 35. Qxe4 Nd6 36. Qe1 Re8 37. Qb4 Ne4 38. Rb2 Qa1+ 39. Kh2 Qc1
40. Re2 Qf4+ 41. Kg1 Ra8 42. Qe1 Nd6 43. Re7 Qf6 44. Re5 b6 45. Kh2 Rc8 46. Qe3
Rf8 47. Qe1 Nc4 48. Re8 Qd6+ 49. Kg1 b4 50. Qe4 b3 51. Rxf8+ Kxf8 52. Ne5 Nxe5
53. dxe5 Qd1+ 54. Kh2 Qd5 55. Qb4+ c5 0-1

[Event "Staatsliga-B-Mitte 2002/2003"]
[Site "?"]
[Date "2003.03.22"]
[Round "10.2"]
[White "RESCHUN, Sascha"]
[Black "KOCH, Wolfgang-Max"]
[Result "1/2-1/2"]
[WhiteElo "2280"]
[BlackElo "2308"]
[PlyCount "68"]
[EventDate "2003.03.22"]

1. e4 d6 2. d4 Nf6 3. Nc3 g6 4. Bg5 c6 5. Qd2 b5 6. a3 Bg7 7. f4 a6 8. Be2 d5
9. e5 Ne4 10. Nxe4 dxe4 11. Qe3 O-O 12. Rd1 f6 13. Bh4 Be6 14. Nh3 Kh8 15. O-O
f5 16. b3 Nd7 17. Ng5 Bg8 18. g4 Nb6 19. gxf5 Nd5 20. Qg3 gxf5 21. Bh5 Qd7 22.
Qh3 e6 23. Rd2 h6 24. Rg2 Ra7 25. c3 a5 26. Kh1 a4 27. b4 Rc7 28. Be1 e3 29.
Be2 Qe8 30. Qh4 Qe7 31. Qh5 Qe8 32. Qh4 Qe7 33. Qh5 Qe8 34. Qh4 Qe7 1/2-1/2

[Event "Staatsliga-B-Mitte 2002/2003"]
[Site "?"]
[Date "2003.03.22"]
[Round "10.2"]
[White "ASCHENBRENNER, Robert"]
[Black "EICHERT, Wolfgang"]
[Result "1-0"]
[WhiteElo "2230"]
[BlackElo "2197"]
[PlyCount "51"]
[EventDate "2003.03.22"]

1. d4 Nf6 2. c4 g6 3. Nc3 Bg7 4. e4 d6 5. f4 O-O 6. Nf3 c5 7. d5 e6 8. Be2 exd5
9. cxd5 Re8 10. Nd2 Na6 11. O-O Nc7 12. Re1 a6 13. a4 Rb8 14. a5 h5 15. h3 Bd7
16. Bf3 Ng4 17. e5 Qh4 18. Nde4 dxe5 19. f5 Qd8 20. hxg4 hxg4 21. f6 Bxf6 22.
Bxg4 Bb5 23. Nxf6+ Qxf6 24. Qf3 Qxf3 25. Bxf3 f5 26. d6 1-0

[Event "Staatsliga-B-Mitte 2002/2003"]
[Site "?"]
[Date "2003.03.22"]
[Round "10.2"]
[White "RAGGER, Markus"]
[Black "MITTER, Gerd"]
[Result "1-0"]
[WhiteElo "2211"]
[BlackElo "2187"]
[PlyCount "51"]
[EventDate "2003.03.22"]

1. e4 c5 2. c3 Qa5 3. Nf3 Nc6 4. a3 e6 5. d4 cxd4 6. b4 Qb6 7. cxd4 d5 8. e5
Bd7 9. Nc3 Nge7 10. Na4 Qc7 11. Bb2 Ng6 12. Rc1 a6 13. h4 h6 14. h5 Nge7 15.
Bd3 Nc8 16. g4 b5 17. Nc5 Nb6 18. g5 Nc4 19. Bc3 Be7 20. Rg1 hxg5 21. Nxg5 Qd8
22. Nxf7 Kxf7 23. Qg4 Bf8 24. Qg6+ Kg8 25. h6 Qh4 26. hxg7 1-0

[Event "Staatsliga-B-Mitte 2002/2003"]
[Site "?"]
[Date "2003.03.22"]
[Round "10.2"]
[White "KORMANN, Werner"]
[Black "KASPRET, Guido"]
[Result "1-0"]
[WhiteElo "2101"]
[BlackElo "2278"]
[PlyCount "69"]
[EventDate "2003.03.22"]

1. Nf3 c5 2. c4 Nc6 3. g3 g6 4. Bg2 Bg7 5. O-O e5 6. Nc3 Nge7 7. d3 O-O 8. a3
d6 9. Rb1 a5 10. Nd5 Nxd5 11. cxd5 Ne7 12. e4 f5 13. b4 cxb4 14. axb4 a4 15. b5
Kh8 16. Ba3 Bh6 17. Rb4 Bd7 18. Rxa4 Qb6 19. Nxe5 Bxb5 20. Rxa8 Rxa8 21. Bxd6
Nc8 22. Nc4 Bxc4 23. Be5+ Bg7 24. Bxg7+ Kxg7 25. dxc4 fxe4 26. Qc2 Qc5 27. Qxe4
Nd6 28. Qe7+ Kh6 29. Re1 Re8 30. Qh4+ Kg7 31. Re7+ Rxe7 32. Qxe7+ Kh6 33. Qf8+
Kg5 34. Qf4+ Kh5 35. Qh4# 1-0

[Event "Staatsliga-B-Mitte 2002/2003"]
[Site "?"]
[Date "2003.03.22"]
[Round "10.3"]
[White "HABA, Petr"]
[Black "RIBLI, Zoltan"]
[Result "1/2-1/2"]
[WhiteElo "2534"]
[BlackElo "2574"]
[PlyCount "32"]
[EventDate "2003.03.22"]

1. d4 Nf6 2. c4 e6 3. g3 Bb4+ 4. Nd2 d5 5. Bg2 O-O 6. Ngf3 b6 7. O-O Bb7 8. Qc2
Be7 9. Rd1 Na6 10. cxd5 exd5 11. a3 c5 12. dxc5 bxc5 13. Nc4 Re8 14. Bf4 Bf8
15. Ne1 Nc7 16. Ne3 Nb5 1/2-1/2

[Event "Staatsliga-B-Mitte 2002/2003"]
[Site "?"]
[Date "2003.03.22"]
[Round "10.3"]
[White "FAULAND, Alexander"]
[Black "JANZ, Frerik"]
[Result "0-1"]
[WhiteElo "2427"]
[BlackElo "2366"]
[PlyCount "78"]
[EventDate "2003.03.22"]

1. g3 Nf6 2. Bg2 d5 3. Nf3 g6 4. c4 Bg7 5. cxd5 Nxd5 6. O-O O-O 7. d4 Nb6 8.
Nc3 Nc6 9. e3 Re8 10. b3 a5 11. Bb2 h6 12. Rc1 Be6 13. Nd2 Qc8 14. Nde4 Bg4 15.
f3 Bh3 16. Bxh3 Qxh3 17. Nc5 Qc8 18. Nb5 Rd8 19. f4 Nb4 20. Nc3 N6d5 21. Nxd5
Nxd5 22. Qe2 e6 23. a3 c6 24. e4 Nf6 25. Kh1 b6 26. Nd3 Qb7 27. Nf2 c5 28. dxc5
bxc5 29. Rxc5 Qxb3 30. Rb5 Qa4 31. f5 Rd2 32. Qxd2 Qxb5 33. Kg2 exf5 34. Bxf6
Bxf6 35. Qxh6 Qc6 36. Qf4 Bd4 37. Rb1 Re8 38. Rc1 Qa8 39. Nh3 Rxe4 0-1

[Event "Staatsliga-B-Mitte 2002/2003"]
[Site "?"]
[Date "2003.03.22"]
[Round "10.3"]
[White "MENACHER, Manfred"]
[Black "ROGULJ, Branko"]
[Result "1-0"]
[WhiteElo "2354"]
[BlackElo "2435"]
[PlyCount "177"]
[EventDate "2003.03.22"]

1. e4 Nf6 2. e5 Nd5 3. c4 Nb6 4. d4 d6 5. exd6 cxd6 6. Nc3 g6 7. Be3 Bg7 8. Rc1
O-O 9. b3 N6d7 10. Nf3 Nf6 11. h3 d5 12. Bd3 Nc6 13. O-O b6 14. Qd2 Bb7 15.
Rfd1 Rc8 16. Be2 dxc4 17. bxc4 Na5 18. c5 Bxf3 19. Bxf3 bxc5 20. dxc5 Qxd2 21.
Bxd2 Nc4 22. Nd5 Nxd2 23. Nxe7+ Kh8 24. Rxd2 Bh6 25. Rdc2 Rc7 26. Re1 Re8 27.
Rce2 Kg7 28. c6 Kf8 29. Bg4 Rd8 30. Bf3 Bg5 31. g3 Ne8 32. Nd5 Rxc6 33. h4 Bh6
34. Nb4 Rc1 35. Rxc1 Bxc1 36. Nc6 Rd3 37. Kg2 Rd7 38. Re5 Bd2 39. Rb5 Nf6 40.
Rb8+ Kg7 41. Ra8 Bc3 42. Rxa7 Rd2 43. Ra3 Bb2 44. Rb3 Nd7 45. Rb5 Ba3 46. Rd5
Rxd5 47. Bxd5 f5 48. Nd4 Nc5 49. Nb5 Bb4 50. a3 Ba5 51. Nd6 Kf6 52. Nc4 Bc3 53.
Bc6 h6 54. a4 Nb3 55. Be8 g5 56. h5 g4 57. Bg6 Ke6 58. Bh7 Bb4 59. Bg8+ Ke7 60.
Ne3 Nd4 61. Nd5+ Kf8 62. Nxb4 Kxg8 63. a5 Kf7 64. a6 Nb5 65. Nc6 Kf6 66. Kf1
Kg5 67. Nd4 Nc7 68. a7 Kxh5 69. Nxf5 Kg5 70. Nh4 Kf6 71. Ke2 Ke5 72. Kd3 Kd5
73. Nf5 h5 74. Ng7 Kc6 75. Nxh5 Kb7 76. Ke4 Kxa7 77. Ke5 Nb5 78. Nf6 Kb7 79.
Nxg4 Kc7 80. Nf6 Kd8 81. Ke6 Nd4+ 82. Kf7 Nf3 83. g4 Ng5+ 84. Kg6 Nh3 85. f3
Ke7 86. Nh5 Nf2 87. g5 Nd3 88. f4 Kf8 89. Kh7 1-0

[Event "Staatsliga-B-Mitte 2002/2003"]
[Site "?"]
[Date "2003.03.22"]
[Round "10.3"]
[White "HAGER, Herbert"]
[Black "BAWART, Markus"]
[Result "0-1"]
[WhiteElo "2142"]
[BlackElo "2337"]
[PlyCount "108"]
[EventDate "2003.03.22"]

1. d4 Nf6 2. c4 g6 3. Nc3 Bg7 4. e4 O-O 5. Bd3 c5 6. d5 e6 7. Nge2 exd5 8. exd5
d6 9. O-O Ng4 10. b3 a6 11. Bf4 Re8 12. Qd2 Ne5 13. Rae1 Nbd7 14. Bb1 f5 15.
Bg5 Qa5 16. Bh6 Bh8 17. Nf4 Nf6 18. Nd3 Nfg4 19. Bf4 Bd7 20. Bxe5 Nxe5 21. Ne4
Qxd2 22. Nxd2 b5 23. Nxe5 Bxe5 24. Bd3 b4 25. Re2 Bc3 26. Nb1 Rxe2 27. Bxe2 Bd4
28. Re1 Re8 29. Kf1 Kf7 30. Bd3 Be5 31. Nd2 Ra8 32. Nf3 Bf6 33. g3 a5 34. Bc2
a4 35. h4 h6 36. Re2 axb3 37. Bxb3 g5 38. hxg5 hxg5 39. Nd2 g4 40. Kg2 Bc3 41.
Nb1 Be5 42. Nd2 Rg8 43. Bc2 Kf6 44. Nb3 Ra8 45. Bb1 Ra3 46. Re3 f4 47. gxf4
Bxf4 48. Re4 Be5 49. Re2 Bf5 50. Bxf5 Kxf5 51. f3 g3 52. Rc2 Bf4 53. Re2 Ra8
54. Rc2 Rh8 0-1

[Event "Staatsliga-B-Mitte 2002/2003"]
[Site "?"]
[Date "2003.03.22"]
[Round "10.4"]
[White "UHLMANN, Wolfgang"]
[Black "WITTMANN, Walter"]
[Result "1/2-1/2"]
[WhiteElo "2440"]
[BlackElo "2345"]
[PlyCount "41"]
[EventDate "2003.03.22"]

1. c4 c5 2. Nf3 Nc6 3. Nc3 Nf6 4. g3 g6 5. Bg2 d6 6. d4 cxd4 7. Nxd4 Bd7 8. O-O
Bg7 9. b3 h5 10. Bb2 h4 11. Nd5 hxg3 12. hxg3 Ne5 13. f4 Nxd5 14. cxd5 Ng4 15.
Qd2 Qb6 16. e3 Bf6 17. Rac1 Kf8 18. Bc3 a5 19. Nc2 Kg7 20. Bxf6+ exf6 21. Rfe1
1/2-1/2

[Event "Staatsliga-B-Mitte 2002/2003"]
[Site "?"]
[Date "2003.03.22"]
[Round "10.4"]
[White "BAUMGARTNER, Heinz"]
[Black "DOHR, Alexander"]
[Result "1-0"]
[WhiteElo "2398"]
[BlackElo "2161"]
[PlyCount "83"]
[EventDate "2003.03.22"]

1. Nf3 e6 2. g3 f5 3. Bg2 Nf6 4. d4 Be7 5. O-O O-O 6. c4 d5 7. Nbd2 c6 8. Ne5
Bd7 9. Qb3 b5 10. cxb5 cxb5 11. Nxd7 Qxd7 12. Nf3 a6 13. Ne5 Qa7 14. Be3 Nfd7
15. Bxd5 exd5 16. Qxd5+ Kh8 17. Nf7+ Rxf7 18. Qxf7 Nf6 19. Rac1 Qd7 20. d5 h6
21. Bf4 Bd8 22. Qf8+ Kh7 23. Rfd1 a5 24. a3 Na6 25. Rc6 Ra7 26. Rd6 Qe7 27.
Rxd8 Qxe2 28. Rf1 Re7 29. Ra8 Nc5 30. Qc8 Ncd7 31. d6 Re4 32. Qc1 Nd5 33. Qd1
Qc4 34. Qh5 Rxf4 35. gxf4 Qxf4 36. Qe2 Qg5+ 37. Kh1 Nf4 38. Qf3 Ne5 39. Qg3 Ng4
40. h4 Qh5 41. Qxf4 Qxh4+ 42. Kg1 1-0

[Event "Staatsliga-B-Mitte 2002/2003"]
[Site "?"]
[Date "2003.03.22"]
[Round "10.4"]
[White "RIEDNER, Martin"]
[Black "WEGENER, Dirk"]
[Result "1/2-1/2"]
[WhiteElo "2206"]
[BlackElo "2324"]
[PlyCount "100"]
[EventDate "2003.03.22"]

1. d4 Nf6 2. Nf3 g6 3. Bg5 Bg7 4. Nbd2 O-O 5. e3 d6 6. Bc4 Nbd7 7. O-O c5 8. c3
cxd4 9. exd4 Qc7 10. Re1 e5 11. dxe5 dxe5 12. Qe2 h6 13. Bh4 Nh5 14. Be7 Re8
15. Ba3 Nb6 16. Bb3 Nf4 17. Qf1 Bg4 18. h3 Bf5 19. Ne4 Rad8 20. Nh4 Be6 21.
Bxe6 Nxe6 22. b3 f5 23. Ng3 Kh7 24. c4 e4 25. Rad1 Bc3 26. Rxd8 Qxd8 27. Rc1
Bd4 28. Nhxf5 gxf5 29. Nxf5 Nf4 30. Rd1 Nd3 31. Nxd4 Qxd4 32. Bc1 Nd7 33. Be3
Qc3 34. f3 Rf8 35. Qe2 N7c5 36. fxe4 Re8 37. Bxc5 Nxc5 38. Qf2 Qe5 39. Rd5 Qa1+
40. Kh2 Ne6 41. Rd7+ Kh8 42. Qf5 Ng7 43. Qg6 Qe5+ 44. Qg3 Qf6 45. Rxb7 Rxe4 46.
Rxa7 h5 47. Qf3 Qe5+ 48. Qg3 Qf6 49. Qf3 Qe5+ 50. Qg3 Qf6 1/2-1/2

[Event "Staatsliga-B-Mitte 2002/2003"]
[Site "?"]
[Date "2003.03.22"]
[Round "10.5"]
[White "KONOPKA, Michal"]
[Black "MOHR, Georg"]
[Result "1/2-1/2"]
[WhiteElo "2449"]
[BlackElo "2488"]
[PlyCount "29"]
[EventDate "2003.03.22"]

1. c4 c5 2. Nf3 Nc6 3. Nc3 g6 4. g3 Bg7 5. Bg2 e5 6. O-O Nge7 7. a3 O-O 8. Rb1
a5 9. Ne1 d6 10. Nc2 Be6 11. d3 d5 12. cxd5 Nxd5 13. Bd2 h6 14. Qc1 Kh7 15.
Nxd5 1/2-1/2

[Event "Staatsliga-B-Mitte 2002/2003"]
[Site "?"]
[Date "2003.03.22"]
[Round "10.5"]
[White "BUTUNOI, Alexandru"]
[Black "HEIMBERGER, Reinhard"]
[Result "1-0"]
[WhiteElo "2404"]
[BlackElo "2312"]
[PlyCount "61"]
[EventDate "2003.03.22"]

1. e4 c5 2. Nf3 e6 3. d4 cxd4 4. Nxd4 Nf6 5. Bd3 d6 6. O-O Be7 7. Nc3 a6 8. Be3
O-O 9. f4 Qc7 10. Qf3 Bd7 11. Qh3 Ne8 12. f5 Nf6 13. fxe6 fxe6 14. Nxe6 Bxe6
15. Qxe6+ Kh8 16. Nd5 Nxd5 17. exd5 Bf6 18. Qe4 g6 19. Bh6 Nd7 20. Bxf8 Rxf8
21. Rae1 Bxb2 22. Rxf8+ Nxf8 23. Qe7 Qb6+ 24. Kh1 Kg8 25. Rf1 Bg7 26. Qf7+ Kh8
27. Re1 Qb2 28. a4 b5 29. axb5 axb5 30. Re8 Qc1+ 31. Qf1 1-0

[Event "Staatsliga-B-Mitte 2002/2003"]
[Site "?"]
[Date "2003.03.22"]
[Round "10.5"]
[White "TOBER, Gerhard"]
[Black "SUPANCIC, Darko"]
[Result "1/2-1/2"]
[WhiteElo "2233"]
[BlackElo "2381"]
[PlyCount "92"]
[EventDate "2003.03.22"]

1. e4 c5 2. c3 Qa5 3. Nf3 Nc6 4. Be2 d6 5. O-O Nf6 6. Qc2 g6 7. Na3 Bg7 8. Nc4
Qd8 9. Ne3 O-O 10. a3 e5 11. Bc4 Be6 12. d3 Qe7 13. Nd5 Qd7 14. Nxf6+ Bxf6 15.
Bh6 Bg7 16. Bxg7 Kxg7 17. Bb5 a6 18. Bxc6 Qxc6 19. Rfe1 f6 20. d4 Bg4 21. Qd3
c4 22. Qe3 Rae8 23. dxe5 dxe5 24. Rad1 Rd8 25. h3 Be6 26. Qe2 Qa4 27. Nh2 Qb5
28. Nf1 Rd3 29. Ne3 Rfd8 30. Rxd3 cxd3 31. Qd2 Qc6 32. f3 b5 33. Rd1 Bb3 34.
Rc1 a5 35. Kh1 h5 36. Kh2 a4 37. Kh1 Bc4 38. Kh2 Rf8 39. Re1 Kh7 40. Kh1 Qd7
41. Kg1 Re8 42. Qf2 Kg7 43. Rd1 Rd8 44. Rd2 Qe6 45. Kh1 Rd7 46. Kg1 Rd8 1/2-1/2

[Event "Staatsliga-B-Mitte 2002/2003"]
[Site "?"]
[Date "2003.03.22"]
[Round "10.5"]
[White "KREBS, Johann"]
[Black "STADLER, Peter"]
[Result "1-0"]
[WhiteElo "2280"]
[BlackElo "2187"]
[PlyCount "95"]
[EventDate "2003.03.22"]

1. d4 Nf6 2. c4 g6 3. g3 Bg7 4. Bg2 d5 5. Nf3 O-O 6. O-O c6 7. cxd5 cxd5 8. Nc3
e6 9. Bf4 Nc6 10. Ne5 Bd7 11. Qd2 Nxe5 12. Bxe5 Bc6 13. Rac1 Qd7 14. Rc2 Rfd8
15. Rfc1 Ne8 16. Bxg7 Kxg7 17. h4 h6 18. Nd1 Nf6 19. Qf4 Qd6 20. Qxd6 Rxd6 21.
Nc3 Rdd8 22. e3 Kf8 23. Bf1 a6 24. Bd3 Ke7 25. a3 Kd6 26. Nb1 Ng8 27. Nd2 Ne7
28. f4 f6 29. Nf3 Rac8 30. g4 Be8 31. g5 hxg5 32. hxg5 fxg5 33. Nxg5 Rxc2 34.
Rxc2 Rc8 35. Nf3 Rxc2 36. Bxc2 Nc6 37. Kf2 a5 38. Kg3 Ke7 39. Ne5 Nxe5 40. dxe5
b6 41. Kg4 Kf8 42. Kg5 Kg7 43. Bd3 Bf7 44. Bb5 Bg8 45. Be8 Kf8 46. Bxg6 Ke7 47.
Kh6 Kf8 48. Bh5 1-0

[Event "Staatsliga-B-Mitte 2002/2003"]
[Site "?"]
[Date "2003.03.22"]
[Round "10.5"]
[White "PETROCZI, Thomas"]
[Black "PESORDA, Ivan"]
[Result "1-0"]
[WhiteElo "2131"]
[BlackElo "2255"]
[PlyCount "43"]
[EventDate "2003.03.22"]

1. e4 c5 2. Nf3 e6 3. d4 cxd4 4. Nxd4 Nf6 5. Bd3 Nc6 6. Nxc6 bxc6 7. c4 Bb4+ 8.
Bd2 Bxd2+ 9. Nxd2 e5 10. O-O O-O 11. Qa4 Qb6 12. b4 a5 13. Rab1 axb4 14. Qxa8
Ba6 15. c5 Rxa8 16. cxb6 Bxd3 17. Rxb4 Bxf1 18. Kxf1 d5 19. a4 Nd7 20. b7 Rb8
21. exd5 cxd5 22. Nb3 1-0

[Event "Staatsliga-B-Mitte 2002/2003"]
[Site "?"]
[Date "2003.03.22"]
[Round "10.6"]
[White "HEBESBERGER, Thomas"]
[Black "PETSCHAR, Kurt"]
[Result "1-0"]
[WhiteElo "2322"]
[BlackElo "2291"]
[PlyCount "71"]
[EventDate "2003.03.22"]

1. c4 e5 2. g3 Nc6 3. Bg2 f5 4. Nc3 Nf6 5. d3 Bb4 6. Bd2 O-O 7. Nd5 Bxd2+ 8.
Qxd2 d6 9. e3 Nxd5 10. cxd5 Ne7 11. Ne2 c5 12. dxc6 Nxc6 13. O-O Bd7 14. b4 a6
15. a4 Kh8 16. b5 Na5 17. Qb4 Qb6 18. Rfb1 Be6 19. bxa6 Qxa6 20. Nc3 Rac8 21.
Nb5 Rfd8 22. Rc1 Rxc1+ 23. Rxc1 Qb6 24. Qc3 h6 25. Qc7 Qxc7 26. Rxc7 b6 27. Bh3
Kg8 28. e4 g6 29. Kf1 Bb3 30. exf5 gxf5 31. Bxf5 Bxa4 32. Nc3 Bb3 33. Ne4 d5
34. Nf6+ Kf8 35. Be6 b5 36. Rf7# 1-0

[Event "Staatsliga-B-Mitte 2002/2003"]
[Site "?"]
[Date "2003.03.22"]
[Round "10.6"]
[White "GENSER, Harald"]
[Black "SCHEIN, Karl-Heinz"]
[Result "1/2-1/2"]
[WhiteElo "2268"]
[BlackElo "2232"]
[PlyCount "38"]
[EventDate "2003.03.22"]

1. d4 Nf6 2. c4 e6 3. Nc3 Bb4 4. Qc2 c5 5. dxc5 Na6 6. a3 Bxc3+ 7. Qxc3 Nxc5 8.
f3 d5 9. cxd5 Na4 10. Qc2 Nb6 11. d6 Qxd6 12. Bd2 Bd7 13. Bb4 Qe5 14. Qc3 Qxc3+
15. Bxc3 O-O 16. e4 Na4 17. Bxf6 gxf6 18. O-O-O Rfd8 19. Nh3 Nc5 1/2-1/2

[Event "Staatsliga-B-Mitte 2002/2003"]
[Site "?"]
[Date "2003.03.22"]
[Round "10.6"]
[White "WALDMANN, Gerald"]
[Black "SANDNER, Wolfgang"]
[Result "1/2-1/2"]
[WhiteElo "2160"]
[BlackElo "2220"]
[PlyCount "27"]
[EventDate "2003.03.22"]

1. e4 c5 2. Nf3 d6 3. d4 cxd4 4. Nxd4 Nf6 5. Nc3 g6 6. Be3 Bg7 7. f3 O-O 8. Bc4
Nc6 9. Qd2 Bd7 10. O-O-O Rc8 11. Bb3 Ne5 12. g4 b5 13. g5 Nh5 14. Bf4 1/2-1/2

[Event "Staatsliga-B-Mitte 2002/2003"]
[Site "?"]
[Date "2003.03.22"]
[Round "10.6"]
[White "EGGER, Andreas"]
[Black "HOFFMANN, Erwin"]
[Result "1-0"]
[WhiteElo "2129"]
[BlackElo "2077"]
[PlyCount "89"]
[EventDate "2003.03.22"]

1. c4 Nf6 2. d4 e6 3. Nc3 Bb4 4. Qc2 c5 5. a3 Bxc3+ 6. Qxc3 cxd4 7. Qxd4 Nc6 8.
Qd3 d5 9. cxd5 Qxd5 10. Qxd5 Nxd5 11. Nf3 e5 12. e4 Nc7 13. Be3 O-O 14. Rc1 f6
15. b4 Ne6 16. Bc4 Kh8 17. Bd5 Bd7 18. Ke2 Ncd8 19. Rhd1 Bb5+ 20. Ke1 Re8 21.
g3 Ba4 22. Rd2 Nc6 23. Rb1 a6 24. Bb6 Rac8 25. h4 h6 26. Kf1 Nc7 27. Bf7 Red8
28. Rbb2 Rxd2 29. Rxd2 Na8 30. Bc5 Rd8 31. Be6 Rxd2 32. Nxd2 Nc7 33. Bc8 Nd8
34. Bb6 Nce6 35. f4 exf4 36. gxf4 Nxf4 37. Bxd8 Bc6 38. Kf2 Nd3+ 39. Ke3 Ne1
40. Kf4 Nc2 41. Nc4 Bb5 42. Nd6 Nxa3 43. Nxb5 axb5 44. Bxb7 Kh7 45. h5 1-0

[Event "Staatsliga-B-Mitte 2002/2003"]
[Site "?"]
[Date "2003.03.23"]
[Round "11.1"]
[White "STANEC, Nikolaus"]
[Black "FAULAND, Alexander"]
[Result "1-0"]
[WhiteElo "2523"]
[BlackElo "2427"]
[PlyCount "81"]
[EventDate "2003.03.22"]

1. c4 e6 2. Nc3 d5 3. cxd5 exd5 4. d4 Nf6 5. Bg5 Be7 6. e3 c6 7. Bd3 O-O 8.
Nge2 Nbd7 9. O-O Ne4 10. Bf4 f5 11. f3 Nxc3 12. bxc3 Nf6 13. Be5 Bd6 14. Qc2 g6
15. f4 Rf7 16. Kh1 Bf8 17. Bxf6 Rxf6 18. Ng1 c5 19. Nf3 c4 20. Be2 b5 21. a4 b4
22. cxb4 Qe7 23. Ne5 Qxb4 24. Bf3 Be6 25. Rfb1 Qe7 26. Rb5 Qd8 27. Rab1 Kh8 28.
g3 a6 29. Rb7 Bg8 30. Qc3 Rd6 31. a5 Qe8 32. Bd1 Rc8 33. Kg2 Be6 34. Kf2 Kg8
35. R7b6 Rcd8 36. Qa1 Bd7 37. Rxd6 Bxd6 38. Bf3 Qe6 39. Rb6 Bb5 40. Qh1 Qc8 41.
Bxd5+ 1-0

[Event "Staatsliga-B-Mitte 2002/2003"]
[Site "?"]
[Date "2003.03.23"]
[Round "11.1"]
[White "ROGULJ, Branko"]
[Black "WEISS, Christian"]
[Result "1-0"]
[WhiteElo "2435"]
[BlackElo "2422"]
[PlyCount "80"]
[EventDate "2003.03.22"]

1. e4 c6 2. d4 d5 3. exd5 cxd5 4. c4 Nf6 5. Nc3 e6 6. Nf3 Nc6 7. c5 Be7 8. Bb5
O-O 9. Bxc6 bxc6 10. O-O Qc7 11. Re1 Nd7 12. g3 Re8 13. b4 Nf8 14. Bf4 Qb7 15.
Rb1 Bd7 16. a4 a6 17. Qd3 Ng6 18. Bd2 f6 19. b5 axb5 20. axb5 cxb5 21. Nxb5 Qa6
22. Qf1 Rec8 23. h4 h5 24. Re3 Qa2 25. Qd3 f5 26. Nc3 Qa6 27. Qxa6 Rxa6 28.
Ree1 Bf6 29. Rb3 Ne7 30. Bg5 Nc6 31. Bxf6 gxf6 32. Rb7 Ra7 33. Rb6 Ra3 34. Re3
Kf8 35. Kg2 Ra1 36. Nb5 Rb1 37. Nd6 Rb8 38. Rxc6 Bxc6 39. Rxe6 Bd7 40. Rxf6+
Ke7 1-0

[Event "Staatsliga-B-Mitte 2002/2003"]
[Site "?"]
[Date "2003.03.23"]
[Round "11.1"]
[White "BAWART, Markus"]
[Black "HELLMAYR, Alois"]
[Result "1/2-1/2"]
[WhiteElo "2337"]
[BlackElo "2248"]
[PlyCount "81"]
[EventDate "2003.03.22"]

1. Nf3 Nf6 2. c4 e6 3. g3 b6 4. Bg2 Bb7 5. O-O c5 6. Nc3 Be7 7. Re1 a6 8. e4 d6
9. d4 cxd4 10. Nxd4 Qc7 11. Be3 Nbd7 12. Rc1 Nc5 13. f3 O-O 14. Bf2 Rfe8 15. f4
g6 16. b4 Ncd7 17. e5 dxe5 18. fxe5 Nh5 19. Nd5 Qc8 20. Nxe7+ Rxe7 21. c5 bxc5
22. bxc5 Bxg2 23. Kxg2 Qc7 24. Qe2 Ng7 25. c6 Nb6 26. Nf3 Ree8 27. Ng5 Nd5 28.
Rc4 h6 29. Nf3 Nf5 30. Rb1 Rab8 31. Rxb8 Rxb8 32. g4 Nfe7 33. Bc5 Rc8 34. Bd6
Qb6 35. Bxe7 Nxe7 36. Nd4 Nd5 37. Kg3 Qa5 38. Qf2 Qa3+ 39. Qf3 Qxa2 40. Rc2 Qa1
41. Qe4 1/2-1/2

[Event "Staatsliga-B-Mitte 2002/2003"]
[Site "?"]
[Date "2003.03.23"]
[Round "11.1"]
[White "HUMER, Wolfgang"]
[Black "ARWANITAKIS, Michael"]
[Result "0-1"]
[WhiteElo "2282"]
[BlackElo "2190"]
[PlyCount "38"]
[EventDate "2003.03.22"]

1. g3 e5 2. c4 Nc6 3. Bg2 g6 4. Nc3 Bg7 5. e3 Nge7 6. Nge2 Nf5 7. O-O d6 8. Nd5
h5 9. d4 exd4 10. exd4 Ncxd4 11. Bg5 Qxg5 12. Nxc7+ Kd8 13. h4 Qg4 14. Nxd4
Qxd1 15. Raxd1 Kxc7 16. Nb5+ Kb6 17. Nxd6 Nxd6 18. Rxd6+ Kc7 19. Rd2 Be6 0-1